000 00453nam a2200181Ia 4500
001 11681
005 20260306162845.0
008 260306t1986||||xx |||||||||||||| ||spa||
041 _aESP
082 _a987.04
_bM97
100 _aMurillo Rubiera, Fernando
_eAUT
245 0 _aAndres Bello:
_bhistoria de una vida y de una obra
260 _c1986
300 _a493 páginas :
_c22 cm.
650 _aGEN
654 _aCHU
942 _cLIB
_dJUS
_fJUS
_2ddc
_n
999 _c11681
_d11681